Banská Bystrica v praveku a vo včasnom stredoveku

Bibliographic Details
Main Author: Mácelová, Marta, 1952- (Author)
Format: Article
Language:Slovak
PhysicalDescription:Fotogr.
Subjects:

MARC

LEADER 00000nab a2200000 ar4500
001 vtls010317933
003 SK-MaSNL
005 20260305022427.0
008 111012|2011 xo g||||| 000 1|slo
015 |a SNBRA2011/10  |2 svkbbbg 
038 |a SVKBBBG 
040 |a SVKBBBG  |b slo  |c SVKBBBG  |e AACR2 
041 1 |a slo 
044 |a xo  |c SK 
072 7 |a 94(100)"04/ ..."  |x Dejiny stredoveku a novoveku (všeobecne)  |2 konspekt 
072 7 |a 903  |x Pravek  |2 konspekt 
072 7 |a 902  |x Archeológia  |2 konspekt 
080 |a 903  |2 2001 
080 |a 94"04/14"  |2 2001 
080 |a 902.2  |2 2001 
080 |a (437.642.111.113)  |2 2001 
100 1 |a Mácelová, Marta,  |d 1952-  |4 aut.  |9 102406 
245 1 0 |a Banská Bystrica v praveku a vo včasnom stredoveku  |c Marta Mácelová 
300 |b Fotogr. 
650 0 7 |a mestá  |2 svkbbbg  |9 2929 
650 0 7 |a dejiny  |2 svkbbbg  |9 3825 
650 0 7 |a pravek  |2 svkbbbg  |9 4261 
650 0 7 |a stredovek  |2 svkbbbg  |9 4259 
650 0 7 |a archeologické výskumy  |2 svkbbbg  |9 74796 
651 7 |a Banská Bystrica (Slovensko)  |2 svkbbbg  |9 22015 
773 0 |t Bystrický permon  |g Roč. III, mimoriadne číslo (2005), s. 2. 
852 |a SVKBB  |b KIS3GCP 
958 |a NB 
958 |a PM 
999 |c 3290713  |d 3292643